000 00763nam a22002057a 4500
005 20230530025856.0
008 230530b |||||||| |||| 00| 0 eng d
020 _a978-621-409-096-9
082 _aFil. 305.235 Es77 2018
100 _aEspinol, Shara May T.
_eauthor
245 _aUnderstanding the adolescents:
_bpersonal development for senior high school /
_cShara May Tumambing-Espinol, Angelito T. Masarap; edited by Lionel E. Buenaflor
260 _aMandaluyong City:
_bBooks Atbp. Publishing,
_cc2018
300 _aviii, 190p.:
_bill.
504 _aIncludes bibliographical references
541 _e7177 c.1, 7178 c.2
650 _aAdolescence
650 _aPersonality
700 _aMasarap, Angelito T.
_eauthor
700 _aBuenaflor, Lionel E.
_eeditor
999 _c2164
_d2164